Guess the Footballers by their Teams #5 - Statistics

General Stats
  • This quiz has been taken 449 times
  • The average score is 8 of 10
Answer Stats
Hint Answer % Correct
1997-2019. Real Madrid, Leganes (loan), Espanyol (loan), Mallorca (loan), Mallorca, Barcelona, Inter Milan, Anzhi Makhachkala, Chelsea, Everton, Sampdoria, Anatalyaspor, Konyaspor, Qatar SC, Cameroon. Samuel Eto'o
97%
1990-2014. Manchester United, Wales. Ryan Giggs
94%
2001-2021. Boca Juniors, Corinthians, West Ham United, Manchester United, Manchester City, Juventus, Boca Juniors, Shanghai Shenhua, Boca Juniors, Argentina. Carlos Tevez
88%
2007-. Austria Wien II, Bayern Munich II, Bayern Munich, 1899 Hoffenheim (loan), Real Madrid, Austria. David Alaba
88%
2009-. Olimpija Ljubljana, Benfica, Beira-Mar (loan), Olhanense (loan), Uniao de Leiria (loan), Rio Ave (loan), Benfica (B), Atletico Madrid, Slovenia. Jan Oblak
85%
1999-. Lanceros Boyaca, River Plate, Porto, Atletico Madrid, Monaco, Manchester United (loan), Chelsea (loan), Galatasaray, Rayo Vallecano, Colombia. Radamel Falcao
81%
2011-. VfB Stuttgart II, VfB Stuttgart, Roma (loan), Roma, Chelsea, Germany. Antonio Rudiger
78%
1994-2015. Real Madrid C, Real Madrid B, Real Madrid, Schalke 04, Al Sadd, New York Cosmos, Spain. Raul
77%
1999-2019. Bayer Leverkusen II, Bayer Leverkusen, San Jose Earthquakes (loan), LA Galaxy, Bayern Munich (loan), Everton (loan), Everton (loan), LA Galaxy, Leon, San Diego Sockers, USA. Landon Donovan
54%
1987-2008. Sakaryaspor, Bursaspor, Galatasaray, Torino, Galatasaray, Inter Milan, Parma, Blackburn Rovers, Galatasaray, Turkey. Hakan Sukur
25%
No matching quizzes found
Score Distribution
Percent of People with Each Score
Percentile by Number Answered
Your Score History
You have not taken this quiz